Environnements (notice n° 1795040)

détails MARC
000 -LEADER
fixed length control field 00861cam a2200145 4500500
005 - DATE AND TIME OF LATEST TRANSACTION
control field 20260329000336.0
041 ## - LANGUAGE CODE
Language code of text/sound track or separate title fre
042 ## - AUTHENTICATION CODE
Authentication code dc
100 10 - MAIN ENTRY--PERSONAL NAME
Personal name Chadenas, Céline
Relator term author
245 00 - TITLE STATEMENT
Title Environnements
260 ## - PUBLICATION, DISTRIBUTION, ETC.
Name of publisher, distributor, etc. Armand Colin,<br/>
Date of publication, distribution, etc. 2024.<br/>
520 ## - SUMMARY, ETC.
Summary, etc. Rédigé par un collectif de plusieurs enseignants spécialistes du sujet, cet ouvrage, conforme au programme, permettra aux candidats d’avoir une vision globale de la question "Environnements". "Aborder la question des environnements en géographie constitue une démarche utile compte tenu des enjeux politiques et d’aménagement, mais aussi de l’intérêt que revêt cette question tant du point de vue disciplinaire que scolaire."
700 10 - ADDED ENTRY--PERSONAL NAME
Personal name Andreu-Boussut, Vincent
Relator term author
856 41 - ELECTRONIC LOCATION AND ACCESS
Uniform Resource Identifier <a href="https://shs.cairn.info/environnements--9782200638177?lang=fr&redirect-ssocas=7080">https://shs.cairn.info/environnements--9782200638177?lang=fr&redirect-ssocas=7080</a>

Pas d'exemplaire disponible.

PLUDOC

PLUDOC est la plateforme unique et centralisée de gestion des bibliothèques physiques et numériques de Guinée administré par le CEDUST. Elle est la plus grande base de données de ressources documentaires pour les Étudiants, Enseignants chercheurs et Chercheurs de Guinée.

Adresse

627 919 101/664 919 101

25 boulevard du commerce
Kaloum, Conakry, Guinée

Réseaux sociaux

Powered by Netsen Group @ 2025